| 000 | 00853nam a22002057a 4500 | ||
|---|---|---|---|
| 999 |
_c11585 _d11585 |
||
| 003 | AR-CdUCM | ||
| 008 | 190404b ||||| |||| 00| 0 spa d | ||
| 040 |
_aMUNICIPALIDAD PROVINCIAL DEL CUSCO _cBIBLIOTECA MUNICIPAL DEL CUSCO |
||
| 041 | _heng | ||
| 082 |
_a621.89 / _bH75 / 1947 |
||
| 100 |
_aHersey, Mayo Dyer _929018 |
||
| 245 | _aTeoría de la lubricación / | ||
| 260 |
_aBuenos Aires : _bEl Ateneo, _c1947. |
||
| 300 |
_a202 páginas ; _bIlustraciones, _c24 cm. |
||
| 505 | _aContenido: Introducción histórica -- Viscosidad y su relación con la fricción -- La teoría hidrodinámica clásica -- Teoría dimensional con aplicaciones -- Aumento de temperatura en cojinetes ... | ||
| 650 |
_aLubricación y lubricantes _929019 |
||
| 700 |
_aMartinez de Vedia, Rodolfo (traducción) _929020 |
||
| 942 |
_2ddc _cLIBROS |
||
| 945 |
_aacv _d04/04/2019 |
||